| 000 | 00735nam a2200217Ia 4500 | ||
|---|---|---|---|
| 008 | 140529s9999 xx 000 0 und d | ||
| 020 | _a9780071086356 | ||
| 050 |
_aRJ 133 _b.G344 2012 |
||
| 100 | _aGallahue, David L. | ||
| 245 |
_aUnderstanding motor development : _binfants, children, adolescents, adults / _cDavid L Gallahue, John C. Ozmun, Jackie D. Goodway |
||
| 250 | _a7th ed. | ||
| 260 |
_aNew York : _bMcGraw-Hill, _cc2012. |
||
| 300 |
_a461 p. : _bill. ; _c24 cm. |
||
| 500 | _aIncludes appendices, bibliographical references, glossary and index. | ||
| 521 | _aGE | ||
| 650 | _aChild development. | ||
| 650 | _aMotor activity. | ||
| 650 | _aPhysical education for children. | ||
| 942 |
_kFOR _cBK |
||
| 999 |
_c117842 _d117842 |
||